ბათუმის შოთა რუსთაველის სახელმწიფო უნივერსიტეტის ბიბლიოთეკა

ძიებანი საქართველოს არქეოლოგიაში = DZIEBANI : Journal of the Georgian Archeology. (ბიბ.ჩანაწერი № 61569)

000 -LEADER
fixed length control field 00914nam a22001817a 4500
005 - DATE AND TIME OF LATEST TRANSACTION
control field 20240325170616.0
008 - FIXED-LENGTH DATA ELEMENTS--GENERAL INFORMATION
fixed length control field 240325c2010 ge ||||| |||| 00| 0 geo d
022 ## - INTERNATIONAL STANDARD SERIAL NUMBER
International Standard Serial Number 1512-0589
041 ## - LANGUAGE CODE
Language code of text/sound track or separate title geo
245 ## - TITLE STATEMENT
Title ძიებანი საქართველოს არქეოლოგიაში = DZIEBANI : Journal of the Georgian Archeology.
Remainder of title 2010 /
Statement of responsibility, etc. რედაქტორი გ. კვირკველია; საქართველოს ეროვნული მუზეუმი.
260 ## - PUBLICATION, DISTRIBUTION, ETC.
Place of publication, distribution, etc. თბილისი,
Date of publication, distribution, etc. 1998-
300 ## - PHYSICAL DESCRIPTION
Extent V.
653 ## - INDEX TERM--UNCONTROLLED
Uncontrolled term საქართველოს არქეოლოგია
653 ## - INDEX TERM--UNCONTROLLED
Uncontrolled term პერიოდიკა
700 ## - ADDED ENTRY--PERSONAL NAME
Personal name კვირკველია, ოთარ
Relator term რედაქტორი
9 (RLIN) 21579
710 ## - ADDED ENTRY--CORPORATE NAME
Corporate name or jurisdiction name as entry element საქართველოს ეროვნული მუზეუმი.
9 (RLIN) 21580
942 ## - ADDED ENTRY ELEMENTS (KOHA)
Source of classification or shelving scheme
Koha item type პერიოდიკა
ეგზემპლარები
Withdrawn status Lost status Source of classification or shelving scheme Damaged status Not for loan Permanent Location Current Location Date acquired Serial Enumeration / chronology Barcode Date last seen Copy number Uniform Resource Identifier Price effective from Koha item type
          ბათუმის შოთა რუსთაველის სახელმწიფო უნივერსიტეტის მთავარი ბიბლიოთეკა ბათუმის შოთა რუსთაველის სახელმწიფო უნივერსიტეტის მთავარი ბიბლიოთეკა 2024-03-25 # 19 (2010) 81174 2024-03-25 81174 ბსუ-ს საპატიო დოქტორის გურამ ლორთქიფანიძის საჩუქარი 2024-03-25 პერიოდიკა